00442nam a2200193Ia 4500008004100000020001800041050001500059100001700074245001600091245002000107260001500127260001600142260000900158300001600167300002000183300001000203300002600213500000900239170918s9999 xx 000 0 und d a9781419713484 bK558d 2014 aKinney, Jeff aHard luck / cby Jeff Kinney. aNew York : bScholastic, c2014 a217 pages : billustrations : c20cm. eDiary of a wimpy kid. a1020